Surrogacy Law Boon For Childless/ (Record no. 190609)

MARC details
000 -LEADER
fixed length control field 00558nam a22001817a 4500
005 - DATE AND TIME OF LATEST TRANSACTION
control field 20220729155534.0
010 ## - LCCN (DPL NO)
LC control number ENG-134099
020 ## - INTERNATIONAL STANDARD BOOK NUMBER
Terms of availability 995.00
International Standard Book Number 9788193243831
035 ## - SYSTEM CONTROL NUMBER
System control number EN-117631
037 ## - SOURCE OF ACQUISITION
Source of stock number/acquisition DBAD/PUB
082 ## - DEWEY DECIMAL CLASSIFICATION NUMBER
Classification number 346.017
100 ## - MAIN ENTRY--PERSONAL NAME
Personal name Falak,Wajiha
245 ## - TITLE STATEMENT
Title Surrogacy Law Boon For Childless/
Statement of responsibility, etc by Wajiha Falak
260 ## - PUBLICATION, DISTRIBUTION, ETC. (IMPRINT)
Place of publication, distribution, etc New Delhi
Name of publisher, distributor, etc Jawahar Publishers & Distributors
Date of publication, distribution, etc 2016
270 ## - ADDRESS
Address 46,Samachar Apartment,Mayur Vihar-I
City New Delhi
Postal code 110091
300 ## - PHYSICAL DESCRIPTION
Extent 272p.
Dimensions 23cm(Hb)
Other physical details Index
942 ## - ADDED ENTRY ELEMENTS (KOHA)
Source of classification or shelving scheme Dewey Decimal Classification
Item type English Books
Classification part 346.017
Call number suffix FAL
Holdings
Withdrawn status Lost status Not for loan Collection code Home library Current library Date acquired Source of acquisition Cost, normal purchase price Full call number Barcode Copy number Cost, replacement price Koha item type
      Non-fiction Bawana Bawana 29/07/2022 DBAD/PUB 995.00 346.017 FAL EN-117631 1 995.00 English Books

© Delhi Public Library
Hit Counter
free hit counter